LIBRARY & INFORMATION CENTRE, KCAET, TAVANUR

ONLINE PUBLIC ACCESS CATALOGUE (OPAC)

Principles of crop husbandry in India / (Record no. 8768)

MARC details
000 -LEADER
fixed length control field 00437cam a2200157ua 4500
041 ## - LANGUAGE CODE
Language code of text/sound track or separate title eng
082 ## - DEWEY DECIMAL CLASSIFICATION NUMBER
Classification number 633.08
Item number YEG/PR
100 ## - MAIN ENTRY--AUTHOR NAME
Personal name Yegna Narayan Aiyer, A K .
245 ## - TITLE STATEMENT
Title Principles of crop husbandry in India /
250 ## - EDITION STATEMENT
Edition statement 4 /
260 ## - PUBLICATION, DISTRIBUTION, ETC. (IMPRINT)
Place of publication Bangalore :
Name of publisher Bangalore printing&publishing Ltd ,
Year of publication 1963.
300 ## - PHYSICAL DESCRIPTION
Number of Pages 406 ; .
942 ## - ADDED ENTRY ELEMENTS (KOHA)
Koha item type Books
Holdings
Withdrawn status Lost status Damaged status Home library Current library Date acquired Full call number Accession Number Koha item type
      KAUAET KAUAET 07/04/2012 633.08 11443 Books
free website counter